000 00296nam a22001337a 4500
008 180313b xxu||||| |||| 00| 0 eng d
020 _a9780887308819
041 _aeng
080 _a338
100 _a54
101 _aMEN
245 _aDogbert's management handbook
_cAdams,S
942 _2udc
_cBK
999 _c44928
_d44928